[Event "SEA Rapid 31st"]
[Site "Ha Long"]
[Date "2022.05.16"]
[Round "2.2"]
[White "Nay, Oo Kyaw Tun"]
[Black "Tin, Jingyao"]
[Result "0-1"]
[WhiteElo "2385"]
[BlackElo "2499"]
[PlyCount "98"]
[EventDate "2022.05.16"]
[EventType "swiss (rapid)"]
[EventRounds "5"]
[EventCountry "VIE"]
[SourceTitle "CBM 208 Extra"]
[Source "ChessBase"]
[SourceDate "2022.07.31"]
[SourceVersion "1"]
[SourceVersionDate "2022.07.31"]
[SourceQuality "1"]

1. d4 d5 2. Nf3 Nf6 3. g3 Bf5 4. Bg2 e6 5. 0-0 Bd6 6. c4 c6 7. Nc3 Nbd7 8. Nd2 0-0 9. e4 dxe4 10. Ndxe4 Nxe4 11. Nxe4 Bxe4 12. Bxe4 Qc7 13. Bg2 Rfe8 14. Qb3 e5 15. Be3 exd4 16. Bxd4 Bc5 17. Rad1 Bxd4 18. Rxd4 Nc5 19. Qc3 Rad8 20. Rfd1 Ne6 21. Rxd8 Rxd8 22. Rxd8+ Qxd8 23. h3 Qd1+ 24. Kh2 g6 25. Qe5 Qd8 26. f4 Nd4 27. b4 h5 28. a4 Nf5 29. g4 hxg4 30. hxg4 Qh4+ 31. Kg1 Qxg4 32. Qb8+ Kg7 33. Qxb7 Qxf4 34. Qxc6 Qe3+ 35. Kh2 Qe5+ 36. Kg1 Qe1+ 37. Kh2 Qxb4 38. Qd5 Qxa4 39. Qe5+ Kh7 40. c5 Qh4+ 41. Kg1 Qd4+ 42. Qxd4 Nxd4 43. c6 Nb5 44. Kf2 Kg7 45. Ke3 Kf6 46. Bf1 Nc7 47. Kd4 Ke7 48. Kc5 f5 49. Bd3 Ke6 0-1

[Event "SEA Games 31st"]
[Site "Ha Long"]
[Date "2022.05.14"]
[Round "7"]
[White "Nay, Oo Kyaw Tun"]
[Black "Tin, Jingyao"]
[Result "0-1"]
[WhiteElo "2385"]
[BlackElo "2499"]
[PlyCount "98"]
[EventDate "2022.05.10"]
[EventType "swiss"]
[EventRounds "9"]
[EventCountry "VIE"]
[SourceTitle "CBM 208 Extra"]
[Source "ChessBase"]
[SourceDate "2022.07.31"]
[SourceVersion "1"]
[SourceVersionDate "2022.07.31"]
[SourceQuality "1"]

1. d4 d5 2. Bf4 c5 3. e3 Nc6 4. c3 Nf6 5. Nd2 Bf5 6. Qb3 Qd7 7. Ngf3 c4 8. Qd1 e6 9. Be2 h6 10. 0-0 b5 11. Ne5 Nxe5 12. Bxe5 Be7 13. a3 0-0 14. Bf3 Bd3 15. Be2 Bg6 16. Bf3 a5 17. Re1 Qc6 18. Bxf6 Bxf6 19. e4 Rfe8 20. Qe2 Rad8 21. g3 Qd7 22. Bg4 Qb7 23. exd5 Bd3 24. Qe3 Qxd5 25. f4 b4 26. axb4 axb4 27. Bf3 Qb5 28. Ne4 Be7 29. Nf2 Bf5 30. Qe5 Qb6 31. Qa5 Rb8 32. Qxb6 Rxb6 33. Be2 Rc8 34. Nd1 bxc3 35. bxc3 Rb3 36. Ra4 g5 37. Rxc4 Rxc4 38. Bxc4 Rb1 39. Rf1 Bh3 40. Re1 Bg4 41. Kf2 Rxd1 42. Rxd1 Bxd1 43. d5 exd5 44. Bxd5 gxf4 45. gxf4 Kg7 46. h3 Kf6 47. Ke1 Ba4 48. Kf2 Bd7 49. Kg3 Be6 0-1

[Event "Online Olym Div4 A"]
[Site "Chess.com INT"]
[Date "2020.08.01"]
[Round "4.1"]
[White "Nay, Oo Kyaw Tun"]
[Black "Mohamed, Hassan2222"]
[Result "1-0"]
[WhiteElo "2385"]
[BlackElo "1837"]
[PlyCount "197"]
[EventDate "2020.07.31"]
[EventType "team-tourn (rapid)"]
[EventRounds "9"]
[EventCountry "USA"]
[SourceTitle "CBM 198"]
[Source "ChessBase"]
[SourceDate "2020.10.31"]
[SourceVersion "1"]
[SourceVersionDate "2020.10.31"]
[SourceQuality "1"]
[WhiteTeam "Myanmar"]
[BlackTeam "Maldives"]
[WhiteTeamCountry "MYA"]
[BlackTeamCountry "MDV"]

1. d4 Nf6 2. Bf4 d5 3. e3 c6 4. c3 g6 5. h3 Bg7 6. Nf3 0-0 7. Be2 Qb6 8. Qb3 Nbd7 9. Nbd2 Re8 10. 0-0 h6 11. Ne5 Nxe5 12. Bxe5 Kh7 13. c4 e6 14. Qc2 Qd8 15. b4 Nd7 16. Bxg7 Kxg7 17. Nf3 Qe7 18. a3 Nb6 19. Ne5 Nd7 20. f4 f5 21. Rab1 Nxe5 22. fxe5 Bd7 23. c5 a6 24. a4 Qg5 25. Qd2 Rf8 26. Kh2 Rf7 27. Rf3 Kh7 28. Rbf1 Raf8 29. Bd3 Qd8 30. Qc2 Qe7 31. Qe2 Kg7 32. Rg3 Kh7 33. b5 axb5 34. axb5 cxb5 35. Bxb5 Bc6 36. Rgf3 Qc7 37. Rb1 g5 38. Bxc6 bxc6 39. Rb6 Ra8 40. Rf1 Rg7 41. Rfb1 Ra7 42. Qh5 g4 43. hxg4 Rxg4 44. Rb8 Qg7 45. R1b2 Rf7 46. Rf2 Rg5 47. Qe2 Rg3 48. Rf4 Qg5 49. Rb2 Rg7 50. Kg1 h5 51. Kf1 h4 52. Ke1 h3 53. gxh3 Rxh3 54. Kd2 Qg3 55. Rf2 Rh4 56. Rf3 Qg4 57. Rf2 Qxe2+ 58. Kxe2 Rg3 59. Rb7+ Kg6 60. Re7 Rhh3 61. Rxe6+ Kg5 62. Rxc6 Rxe3+ 63. Kf1 Rd3 64. Rc8 f4 65. Rg8+ Kf5 66. Rf8+ Ke4 67. R8xf4+ Ke3 68. Kg2 Rh7 69. R2f3+ Ke2 70. Rxd3 Kxd3 71. Kg3 Ke3 72. Rg4 Rf7 73. Kh4 Kf3 74. Rg6 Ke4 75. Rg4+ Kf3 76. e6 Re7 77. Rg5 Ke4 78. Rg4+ Kf5 79. Kg3 Rxe6 80. Kf3 Re1 81. Rh4 Rf1+ 82. Ke3 Re1+ 83. Kd2 Rg1 84. Kc3 Rc1+ 85. Kd2 Rg1 86. Ke2 Rg3 87. Kd2 Ra3 88. Kc2 Rg3 89. Rh2 Ke4 90. Rd2 Rh3 91. Kb2 Rg3 92. Rd1 Rh3 93. c6 Rh6 94. Rc1 Rh8 95. Kc3 Kf5 96. Kb4 Ke6 97. Kc5 Ra8 98. Re1+ Kf7 99. Kxd5 1-0

[Event "Olympiad-43"]
[Site "Batumi"]
[Date "2018.10.03"]
[Round "9.2"]
[White "Nay, Oo Kyaw Tun"]
[Black "Georgiev, Vladimir"]
[Result "1/2-1/2"]
[WhiteElo "2389"]
[BlackElo "2479"]
[PlyCount "78"]
[EventDate "2018.09.24"]
[EventType "team-swiss"]
[EventRounds "11"]
[EventCountry "GEO"]
[SourceTitle "CBM 187"]
[Source "ChessBase"]
[SourceDate "2018.12.11"]
[SourceVersion "1"]
[SourceVersionDate "2018.12.11"]
[SourceQuality "1"]
[WhiteTeam "Myanmar"]
[BlackTeam "Macedonia"]
[WhiteTeamCountry "MYA"]
[BlackTeamCountry "MKD"]

1. d4 d5 2. Bf4 c5 3. e3 Nc6 4. c3 Nf6 5. Nd2 Bg4 6. Qb3 Qc8 7. Ngf3 c4 8. Qd1 e6 9. h3 Bh5 10. Be2 b5 11. a3 Nd7 12. 0-0 Be7 13. Re1 Bg6 14. Bf1 0-0 15. e4 Nb6 16. Ne5 Nxe5 17. Bxe5 Na4 18. Ra2 Re8 19. Bf4 a5 20. g3 Qd7 21. Qc2 Nb6 22. Bg2 Rad8 23. Qd1 dxe4 24. Nxe4 Nd5 25. Qc1 Bf8 26. Ra1 h6 27. Kh2 Qc8 28. Be3 Qc7 29. Kg1 f5 30. Nd2 Nxe3 31. Rxe3 Bd6 32. f4 Bh5 33. Nf3 g5 34. Ne5 gxf4 35. gxf4 Kh7 36. Qe1 Rg8 37. Rg3 Rxg3 38. Qxg3 Rg8 39. Qf2 Bxe5 1/2-1/2

[Event "Olympiad-43"]
[Site "Batumi"]
[Date "2018.09.25"]
[Round "2.2"]
[White "Nay, Oo Kyaw Tun"]
[Black "Bluebaum, Matthias"]
[Result "0-1"]
[WhiteElo "2389"]
[BlackElo "2618"]
[PlyCount "78"]
[EventDate "2018.09.24"]
[EventType "team-swiss"]
[EventRounds "11"]
[EventCountry "GEO"]
[SourceTitle "CBM 187"]
[Source "ChessBase"]
[SourceDate "2018.12.11"]
[SourceVersion "1"]
[SourceVersionDate "2018.12.11"]
[SourceQuality "1"]
[WhiteTeam "Myanmar"]
[BlackTeam "Germany"]
[WhiteTeamCountry "MYA"]
[BlackTeamCountry "GER"]

1. d4 d5 2. Bf4 c5 3. e3 Nc6 4. c3 Nf6 5. Nd2 Bf5 6. Ngf3 e6 7. Qb3 Qc8 8. h3 Be7 9. Be2 h6 10. Ne5 a6 11. dxc5 Bxc5 12. Nxc6 bxc6 13. Nf3 0-0 14. 0-0 a5 15. Nd4 a4 16. Qd1 Bh7 17. Bd3 Ne4 18. Qc2 Be7 19. Nf3 Kh8 20. Nd2 Nxd2 21. Qxd2 Bxd3 22. Qxd3 Bf6 23. Rab1 e5 24. Bg3 e4 25. Qc2 Qe6 26. c4 d4 27. exd4 Bxd4 28. c5 Qxa2 29. Rfd1 Bf6 30. Qxe4 Bxb2 31. Qc2 a3 32. Be5 Qxb1 33. Qxb1 Bxe5 34. Qa2 Rfb8 35. Rd2 Ra7 36. g3 Rb2 37. Rd8+ Kh7 38. Qc4 a2 39. Qe4+ g6 0-1

[Event "Ho Chi Minh City HD Bank op-A 6th"]
[Site "Ho Chi Minh City"]
[Date "2016.03.11"]
[Round "6"]
[White "Nay, Oo Kyaw Tun"]
[Black "Low, Zhen Yu Cyrus"]
[Result "1/2-1/2"]
[WhiteElo "2303"]
[BlackElo "2194"]
[PlyCount "72"]
[EventDate "2016.03.08"]
[EventType "swiss"]
[EventRounds "9"]
[EventCountry "VIE"]
[SourceTitle "CBM 171 Extra"]
[Source "ChessBase"]
[SourceDate "2016.04.26"]
[SourceVersion "1"]
[SourceVersionDate "2016.04.26"]
[SourceQuality "1"]

1. e4 c5 2. c3 Nf6 3. e5 Nd5 4. Nf3 e6 5. d4 cxd4 6. cxd4 b6 7. Bd3 Bb4+ 8. Bd2 Ba6 9. Bxa6 Nxa6 10. 0-0 0-0 11. Qa4 Bxd2 12. Nbxd2 Nac7 13. Ne4 f5 14. exf6 Nxf6 15. Nxf6+ Rxf6 16. Qa3 Qf8 17. Qxf8+ Kxf8 18. Rac1 Nd5 19. Ne5 Ke7 20. g3 g5 21. Rfd1 d6 22. Nd3 Kd7 23. Kg2 h5 24. Rd2 Rc8 25. Rxc8 Kxc8 26. Kf1 Kd7 27. Ke2 Rf5 28. f3 Ne7 29. Nf2 Nc6 30. Ne4 Ke7 31. Ke3 g4 32. fxg4 hxg4 33. Nf2 Rg5 34. Kf4 Rf5+ 35. Ke3 Rg5 36. Kf4 Rf5+ 1/2-1/2